000 00336nab a22001097u 4500
008 130520b1986 xxu||||| |||| 00| 0 eng d
041 _aeng
100 1 _aPrufer, Thomas
_951162
245 0 4 _aThe Logic of Modernity: A review Discussion
_cThomas Prufer
773 0 _tThe Thomist
_gV.50,1986,págs. 151-157
_x0040-6325
_wRev477
942 _cAR
999 _c305329
_d305329